Sports Quiz

Random Sports or Clickable Quiz

Top 20 Fifa 15 players (teams) Quiz Stats

 Plays Quiz not verified by Sporcle

Score 0/20 Timer 02:00
0 Plays Today
% Correct
???
83.3%
???
82.8%
???
82.7%
???
82.3%
???
81%
???
80.9%
???
80.9%
???
80.8%
???
80.7%
???
80.4%
% Correct
???
80.3%
???
79.8%
???
79.7%
???
79.7%
???
79.7%
???
79.4%
???
79.2%
???
79.2%
???
79.1%
???
78.7%

You're not logged in!

Compare scores with friends on all Sporcle quizzes.
OR
Log In

Sporcle TV

Today on Sporcle TV


Watch our educational content, quiz creation guides, and fun videos on Sporcle TV.

Show Comments

Extras

Created Dec 8, 2014ReportNominate
Tags:Clickable Quiz, FIFA, player, team, Top 20

Top Quizzes Today


Score Distribution

Your Account Isn't Verified!

In order to create a playlist on Sporcle, you need to verify the email address you used during registration. Go to your Sporcle Settings to finish the process.

Report this User

Report this user for behavior that violates our Community Guidelines.

Details: